Los gauchos judíos /
Guardado en:
| Autor Principal: | |
|---|---|
| Formato: | Libro |
| Publicado: |
Buenos Aires :
Eudeba,
1964
|
| Series: | Del Siglo y medio
|
| Materias: | |
| Etiquetas: |
Agregar Etiqueta
Sin Etiquetas, Sea el primero en etiquetar este registro!
|
| LEADER | 01080nam a22002175a 4500 | ||
|---|---|---|---|
| 001 | CEM.cems002850 | ||
| 005 | 20100914110314.0 | ||
| 008 | 130507s1964##################000#0#####d | ||
| 003 | CEMS | ||
| 082 | 0 | 4 | |a A868.4 |
| 100 | 1 | |a Gerchunoff, Alberto | |
| 245 | 1 | 0 | |a Los gauchos judíos / |c Alberto Gerchunoff |
| 260 | |a Buenos Aires : |b Eudeba, |c 1964 | ||
| 300 | |a 119 p. | ||
| 490 | 0 | |a Del Siglo y medio | |
| 505 | 0 | |a Contenido: Génesis -- El surco -- Leche fresca -- La lluvia -- La siesta -- Llegada de inmigrantes -- La trilla -- La huerta perdida -- El cantar de los cantares -- Las lamentaciones - El episodio de Myriam -- El boyeto -- La muerte de rabí Abraham -- La lechuza -- La boda de Camacho -- La visita -- Las brujas -- Divorcio -- Historia de un caballo robado -- El poeta -- La revolución -- La triste del lugar -- El viejo colono -- El himno -- El médico milagroso -- El candelabro de plata. | |
| 653 | |a Literatura | ||
| 653 | |a Literatura argentina | ||
| 653 | |a Cuentos | ||
| 653 | |a Cuento argentino | ||
| 859 | |a CEMS |b BIB. CEMS - 11 de abril |h A868.4 |i G314-1 |p 6390.78 |t Ej.1 | ||
